=LDR 00000nam 2200000 4500 =001 NUTBA000000000004659 =005 20140918115613.0 =006 =007 =008 =020 ##$$a 979-518-862-3 =035 ##$$a 0010-091400000000692 =040 ##$$a Ind =082 ##$$a 650 =090 ##$$a 650$bDes m =100 ##$$a Desmizar =245 ##$$a Manajemen untuk ekonomi dan bisnis$bDesmizar, Se.,Mm. =250 ##$$a Cet.1 =260 ##$$a Jakarta$bRineka cipta$c2003. =300 ##$$a Ix,310 HLm$bIlus$c21 cm. =850 ##$$a NBPNMAT =990 ##$$a 20609824 =990 ##$$a 0001/BPAP-NTB/20142014